| 000 | 00619nam a2200217 a 4500 | ||
|---|---|---|---|
| 999 |
_c1347 _d1347 |
||
| 008 | 191220t2010 xxka|||f |||| 00| 0 eng d | ||
| 020 |
_a9781905331819 _c£ 10.00 |
||
| 040 |
_aKO _beng |
||
| 041 | 0 | _aeng | |
| 044 | _axxk | ||
| 082 | 0 | 4 |
_223 _a363.11962388 _bC76072 |
| 245 | 1 | 0 |
_aPocket Safety Guide : _bconfined spaces / |
| 260 |
_aEdinburgh : _bWitherby Seamanship International Ltd. , _c2010. |
||
| 300 |
_a28 p. : _bill. ; _c18 cm |
||
| 440 | _aWitherby Seamanship Pocket Book | ||
| 650 | 0 |
_aIndustrial safety _xStandards |
|
| 650 | 0 |
_aTanks _xSafety measures |
|
| 904 | _aA_BOSE | ||
| 942 | _cBK | ||